000 00990nam a22002897a 4500
001 9298
003 FISKH
005 20251209133607.0
008 251209b cb ||||| |||| 00| 0 eng d
020 _a0590107348
040 _aFISKH
_beng
_cFISKH
_dFISKH
050 _aQA113 .S385
082 _a513
100 _aSchlein, Miriam
_eAuthor
245 _aMore than one /
_cBy Miriam Schlein ; Pictures by Donald Crews
260 _aNew York :
_bScholastic Inc. ,
_c1996
300 _a24 unnumbered pages :
_bcolor illustrations ;
_c21 x 26 cm
505 _aJ
520 _aExplains how the number one can refer to a single item, the two shoes in a pair, the seven days in a week, the twelve eggs in a dozen, all the trees in a forest, and much more.
521 8 _a450
_bLexile AD
521 8 _aJ
_bRaz-Plus
650 _aCollection
_vFiction
650 _aCollective nouns
_vComparing numbers
700 _aCrews, Donald
_eIllustrator
942 _2ddc
_cBK
_n0
999 _c9298
_d9298